Movies Quiz

Random Movies or Actress Quiz

Multiple Oscar Actors Quiz Stats

 Plays Quiz Updated May 27, 2015

Also try: Multi-Oscar Actors
Challenge
Share
Tweet
Score 0/40 Timer 07:00
6 Plays Today
Actor % Correct
Tom Hanks
95.2%
Meryl Streep
94.6%
Denzel Washington
91.8%
Jack Nicholson
91.2%
Dustin Hoffman
90.4%
Sean Penn
90.3%
Robert De Niro
89.2%
Kevin Spacey
87.7%
Jodie Foster
85.3%
Michael Caine
83.7%
Daniel Day-Lewis
81.3%
Katharine Hepburn
79.5%
Marlon Brando
77.5%
Jane Fonda
76.1%
Gene Hackman
75.6%
Sally Field
75.2%
Hilary Swank
73.9%
Cate Blanchett
68.7%
Maggie Smith
64.4%
Jack Lemmon
61%
Actor % Correct
Elizabeth Taylor
54.9%
Vivien Leigh
47.5%
Spencer Tracy
45.3%
Bette Davis
40.6%
Gary Cooper
37.8%
Jessica Lange
37.3%
Christoph Waltz
36.1%
Ingrid Bergman
35.9%
Jason Robards
29.9%
Anthony Quinn
28.7%
Dianne Wiest
27.9%
Glenda Jackson
25.7%
Olivia de Havilland
23.8%
Peter Ustinov
21.4%
Helen Hayes
20.9%
Shelley Winters
19.6%
Fredric March
12.9%
Walter Brennan
12.9%
Melvyn Douglas
12.3%
Luise Rainer
11.2%

You're not logged in!

Compare scores with friends on all Sporcle quizzes.
OR
Log In

You Might Also Like...

Show Comments

Extras

Top Quizzes Today


Score Distribution

Your Account Isn't Verified!

In order to create a playlist on Sporcle, you need to verify the email address you used during registration. Go to your Sporcle Settings to finish the process.

Report this User

Report this user for behavior that violates our Community Guidelines.

Details: